Wireless sensor networks : (Record no. 176048)

000 -LEADER
fixed length control field 01167 a2200253 4500
003 - CONTROL NUMBER IDENTIFIER
control field Nust
005 - DATE AND TIME OF LATEST TRANSACTION
control field 20221007185725.0
010 ## - LIBRARY OF CONGRESS CONTROL NUMBER
LC control number 2007021100
020 ## - INTERNATIONAL STANDARD BOOK NUMBER
International Standard Book Number 9780470035573 (cloth)
040 ## - CATALOGING SOURCE
Transcribing agency Nust
082 00 - DEWEY DECIMAL CLASSIFICATION NUMBER
Classification number 681.2,WIR
245 00 - TITLE STATEMENT
Title Wireless sensor networks :
Remainder of title signal processing and communications perspectives /
Statement of responsibility, etc. edited by A. Swami ... [et al.].
260 ## - PUBLICATION, DISTRIBUTION, ETC.
Place of publication, distribution, etc. Chichester, West Sussex, England ;
-- Hoboken, NJ :
Name of publisher, distributor, etc. J. Wiley,
Date of publication, distribution, etc. c2007.
300 ## - PHYSICAL DESCRIPTION
Extent 394p
505 ## - FORMATTED CONTENTS NOTE
Formatted contents note Part 1: Fundamentals Properties and Limits (Page-7), Part 2: Signal Processing for Sensor Networks (Page-117), Part 3: Communications, Networking and Cross-Layered (Page-251).
650 #0 - SUBJECT ADDED ENTRY--TOPICAL TERM
Topical term or geographic name entry element Sensor networks.
9 (RLIN) 94573
650 #0 - SUBJECT ADDED ENTRY--TOPICAL TERM
Topical term or geographic name entry element Signal processing
General subdivision Digital techniques.
9 (RLIN) 55548
650 #0 - SUBJECT ADDED ENTRY--TOPICAL TERM
Topical term or geographic name entry element Wireless LANs.
9 (RLIN) 94460
700 1# - ADDED ENTRY--PERSONAL NAME
Personal name Swami, Ananthram.
9 (RLIN) 99552
856 41 - ELECTRONIC LOCATION AND ACCESS
Materials specified Contributor biographical information
Uniform Resource Identifier <a href="http://www.loc.gov/catdir/enhancements/fy0828/2007021100-b.html">http://www.loc.gov/catdir/enhancements/fy0828/2007021100-b.html</a>
856 41 - ELECTRONIC LOCATION AND ACCESS
Materials specified Publisher description
Uniform Resource Identifier <a href="http://www.loc.gov/catdir/enhancements/fy0739/2007021100-d.html">http://www.loc.gov/catdir/enhancements/fy0739/2007021100-d.html</a>
856 41 - ELECTRONIC LOCATION AND ACCESS
Materials specified Table of contents only
Uniform Resource Identifier <a href="http://www.loc.gov/catdir/toc/ecip0718/2007021100.html">http://www.loc.gov/catdir/toc/ecip0718/2007021100.html</a>
942 ## - ADDED ENTRY ELEMENTS (KOHA)
Koha item type Reference
Source of classification or shelving scheme
Holdings
Withdrawn status Lost status Source of classification or shelving scheme Damaged status Not for loan Permanent Location Current Location Shelving location Date acquired Full call number Barcode Date last seen Price effective from Koha item type Public note
          Military College of Signals (MCS) Military College of Signals (MCS) Reference 12/12/2016 681.2,WIR MCS33801 12/08/2016 12/12/2016 Reference Almirah No.24, Shelf No.6
© 2023 Central Library, National University of Sciences and Technology. All Rights Reserved.